000 00555nam a2200181Ia 4500
008 240925s9999 xx 000 0 und d
020 _a130112518
082 _a004.62 RYV
100 _aRyvkin, Kostya
245 0 _aMCSE: internetworking with Microsoft TCP/IP on Microsoft windows NT 4.0
250 _aNA
260 _aNew Jersey:
_bPrintice- Hall Int.
_c,1999.
300 _axxviii,290p.
_bNA
_fInternational Edition
500 _aIncludes Index
600 _aComputer Science
650 _aComputer science, information & general works
942 _cBK
999 _c5165
_d5165